banner-ar

موسوعة المجالس القومية المتخصصة 1991-1974 / (Record no. 30841)

MARC details
000 -الفاتح
حقل البيانات ثابتة الطول 00666nam a2200181Ia 4500
008 - عناصر البيانات ثابتة الطول - معلومات عامة
حقل البيانات ثابتة الطول 140319s9999 xx 000 0 ara d
040 ## - مصدر الفهرسة
وكالة الفهرسة الأصلية GCL /
وكالة النسخ GCL
082 04 - رقم تصنيف ديوى العشرى
رقم التصنيف 328.62
رقم المادة م م
100 1# - المدخل الرئيسى - إسم شخصى
الإسم الشخصى المجالس القومية المتخصصة
245 10 - بيان العنوان
العنوان موسوعة المجالس القومية المتخصصة 1991-1974 /
بيان المسئوليه,etc المجالس القومية المتخصصة
260 ## - PUBLICATION, DISTRIBUTION, ETC. (IMPRINT)
تاريخ النشر أو التوزيع 1991
300 ## - الوصف المادى
التعداد 476 ص
490 ## - بيان السلسلة
عنوان السلسلة مطبوعات المجالس القومية المتخصصة
رقم المجلد/ التعيين التسلسلي 0
650 04 - المدخل الاضافى بالموضوع-مصطلح موضوعى
مصطلح موضوعي مصر
650 04 - المدخل الاضافى بالموضوع-مصطلح موضوعى
مصطلح موضوعي الهيئات التشريعية
942 ## - عناصر المدخل الإضافي( كوها)
مصدر التصنيف او مخطط الترفيف Dewey Decimal Classification
Koha [default] item type كتاب
260 ## - PUBLICATION, DISTRIBUTION, ETC. (IMPRINT)
-- [S.N] :
-- المجالس القومية المتخصصة ،
Holdings
حالة التراجع حالة الفقد حالة تلف ليس للاعارة المكان المؤقت الموقع الحالى تاريخ الاكتساب اجمالي اﻻعارات رقم الطلب الباركود تاريخ اخر مشاهدة تاريخ تفعيل السعر نوع وعاء كوها
        مكتبة القاهرة الكبرى مكتبة القاهرة الكبرى 03/26/2014   328.62\م م 71798 03/26/2014 03/26/2014 كتاب

Powered By

EGPV